Personnages de Mercredi - Mort subite - Statistiques

Statistiques générales
  • Ce quiz a été pris 337 fois
  • Le résultat moyen est 8 sur 10
Answers on the Grid
Answers color-coded by a green-red scale on the quiz's grid according to % correct below.
Mercredi
Enid
Xavier
Morticia
Tyler
Isaac
La Chose
Gomez
Agnes
Pugsley
Le Truc
Vendredi
Mardi
Sarah
John
Vanessa
Martinez
Natalia
Ezekiel
Roger
 
Statistiques - réponses
Réponse % Correct
Mercredi
88%
Enid
87%
La Chose
84%
Gomez
83%
Morticia
82%
Pugsley
81%
Tyler
79%
Xavier
76%
Agnes
72%
Isaac
71%
Aucun quiz correspondant
Distribution des résultats
% des personnes avec chaque résultat
Percentile par nombre de réponses
Votre historique - résultats
Vous n’avez pas pris ce quiz